000 01096nam a2200265Ia 4500
003 OSt
005 20220930094739.0
006 a|||||r|||| 00| 0
007 ta
008 220926b |||||||| |||| 00| 0 hin d
024 _a10411
037 _cTheses
040 _aCRL
_cCRL
_bhin
041 _2hin
_ahin
100 _aकुशवाहा, रामाशंकर, ले.
110 _aदिल्ली विश्वविद्यालय. कला संकाय. हिन्दी विभाग
245 0 _aहिन्दी आत्मकथा की परम्परा और स्त्री आत्मकथएॅं
246 _aHindī ātmakathā kī paramparā aur strī ātmakathaeॅan
260 _c2012
300 _a256पृ0
_ap.
_ccm.
650 _aहिन्दी साहित्य
700 _aदिल्ली विश्वविद्यालय. कला संकाय. हिन्दी विभाग
942 _cDIS
_2CC
999 _c887606
_d887606